| 000 | 01833cam a2200349 a 4500 | ||
|---|---|---|---|
| 999 |
_c16821 _d16821 |
||
| 001 | 15318869 | ||
| 003 | EG-ScBUE | ||
| 005 | 20200106135902.0 | ||
| 008 | 080606s2008 enk f bd 000 0 eng d | ||
| 020 | _a9780199208272 (pbk.) | ||
| 040 |
_aBTCTA _beng _erda _cBTCTA _dBAKER _dYDXCP _dWHP _dGUA _dDLC _dEG-ScBUE |
||
| 082 | 0 | 4 |
_a803 _bBAL _222 |
| 100 | 1 |
_aBaldick, Chris, _eauthor. _930356 |
|
| 245 | 1 | 4 |
_aThe Oxford dictionary of literary terms / _cChris Baldick. |
| 250 | _aThird edition. | ||
| 264 | 1 |
_aOxford ; _aNew York : _bOxford University Press, _c2008. |
|
| 300 |
_ax, 361 pages ; _c20 cm. |
||
| 336 |
_2rdacontent _atext _btxt |
||
| 337 |
_2rdamedia _aunmediated _bn |
||
| 338 |
_2rdacarrier _avolume _bnc |
||
| 490 | 0 | _aOxford paperback reference | |
| 504 | _aIncludes bibliographical references. | ||
| 520 | _a"From abjection to zeugma, this fully revised and expanded dictionary clearly explains even the most difficult literary terms. As the most informative and thorough guide of its kind, it is an essential reference work for both students and general readers of literature." "This book includes: Over 1,200 terms covering literary history and criticism, traditional drama, versification, and rhetoric; increased coverage of terms, from modern critical and theoretical movements to crime fiction; and pronunciation displayed for over 200 terms." | ||
| 590 | _abasant emad | ||
| 650 | 7 |
_aLiterature _vTerminology. _2BUEsh _930358 |
|
| 650 | 7 |
_aCriticism _vTerminology. _2BUEsh _930359 |
|
| 653 |
_cJuly2012 _bHHUUEENN |
||
| 655 | _vReading book | ||
| 700 | 1 |
_aBaldick, Chris. _tConcise Oxford dictionary of literary terms. _930362 |
|
| 942 |
_2ddc _cREFERENCE |
||